[Event "Sachsen-ch U14"]
[Site "Sebnitz"]
[Date "2005.04.01"]
[Round "7"]
[White "Meissner, Felix"]
[Black "Kircher, Clemens"]
[Result "1/2-1/2"]
[WhiteElo "1430"]
[BlackElo "1277"]
[PlyCount "74"]
[EventDate "2005.03.29"]
[EventType "swiss"]
[EventRounds "7"]
[EventCountry "GER"]
[SourceTitle "EXT 2007"]
[Source "ChessBase"]
[SourceDate "2006.11.23"]
[SourceVersion "1"]
[SourceVersionDate "2006.11.23"]
[SourceQuality "1"]

1. e4 e5 2. Nf3 Nf6 3. Nxe5 d6 4. Nf3 Nxe4 5. Bc4 d5 6. Be2 Bd6 7. 0-0 0-0 8. d3 Nf6 9. Bg5 Be7 10. Nbd2 h6 11. Bh4 Nc6 12. Re1 Qd6 13. Bg3 Qd8 14. c3 Bg4 15. d4 a6 16. Qc2 Bd6 17. Bxd6 Qxd6 18. Bd3 Rfe8 19. h3 Rxe1+ 20. Rxe1 Bd7 21. Qd1 Re8 22. Rxe8+ Bxe8 23. Nb3 Ne4 24. Qe2 Qe7 25. Bxe4 Qxe4 26. Qxe4 dxe4 27. Nfd2 f5 28. Nc5 Nd8 29. a3 Kf8 30. Kf1 Ke7 31. g3 Bc6 32. Ke1 Ne6 33. Nxe6 Kxe6 34. c4 Kd6 35. Ke2 b5 36. c5+ Ke6 37. Ke3 Bd5 1/2-1/2

[Event "Sachsen-ch U14"]
[Site "Sebnitz"]
[Date "2005.03.30"]
[Round "4"]
[White "Kircher, Clemens"]
[Black "Possecker, Tom"]
[Result "1-0"]
[WhiteElo "1277"]
[BlackElo "1097"]
[PlyCount "62"]
[EventDate "2005.03.29"]
[EventType "swiss"]
[EventRounds "7"]
[EventCountry "GER"]
[SourceTitle "EXT 2007"]
[Source "ChessBase"]
[SourceDate "2006.11.23"]
[SourceVersion "1"]
[SourceVersionDate "2006.11.23"]
[SourceQuality "1"]

1. Nf3 Nc6 2. c4 e5 3. Nc3 Nf6 4. g3 d5 5. b3 Be6 6. cxd5 Bxd5 7. Nxd5 Nxd5 8. Bg2 h6 9. 0-0 g5 10. Bb2 Bg7 11. d4 e4 12. Nd2 Nxd4 13. Nxe4 Ne6 14. Bxg7 Nxg7 15. Nxg5 Qxg5 16. Qxd5 Qxd5 17. Bxd5 Rb8 18. Rad1 c6 19. Bf3 0-0 20. Rd4 Nf5 21. Rd7 Rfd8 22. Rfd1 Re8 23. e3 Ne7 24. R1d4 Ng6 25. Bh5 Ne5 26. Rc7 a6 27. f4 Ng6 28. Kf2 Rf8 29. Ke2 Rfe8 30. Rdd7 Rf8 31. Bxg6 fxg6 1-0